000 00288nam a22001337a 4500
008 170320b xxu||||| |||| 00| 0 eng d
020 _a2900205439651
041 _aeng
080 _23RD
_a616.8
100 _a7
101 _aSHM
245 _aPERSONALITY
_cFRIEDMAN, H.S
942 _2udc
_cBK
999 _c8095
_d8095